The conductor's art.

Bibliographic Details
Main Author: Braithwaite, Warwick, 1896-1971
Format: Book
Language:English
Published: London : Williams and Norgate, [1952]
Subjects:

MARC

Tag First Indicator Second Indicator Subfields
LEADER 00000cam a2200000 4500
001 in00000030602
005 20151007061648.0
008 750612s1952 enkag 00000 eng u
010 |a  52002199  
035 |a (OCoLC)01388311 
035 |9 AAD2700AM 
040 |c MDY  |d TXA  |d UtOrBLW 
049 |a TXAM  |c [232869] 
050 0 |a MT85  |b .B8 
082 0 |a 781.63 
092 |a 781.63  |b B814c 
100 1 |a Braithwaite, Warwick,  |d 1896-1971. 
245 1 4 |a The conductor's art. 
264 1 |a London :  |b Williams and Norgate,  |c [1952] 
300 |a viii, 176 pages :  |b illustrations, music. ;  |c 23 cm. 
336 |a text  |b txt  |2 rdacontent 
337 |a unmediated  |b n  |2 rdamedia 
338 |a volume  |b nc  |2 rdacarrier 
650 0 |a Conducting. 
999 |a MARS 
999 f f |s d1ba08ef-b6f2-3bf5-bb2a-f53a5b227dff  |i d751de4d-5bc8-3f31-b369-538646093074  |t 0 
952 f f |p ric  |a Texas A&M University  |b Rellis Campus  |c Joint Library Facility  |d Remote Storage  |t 0  |e MT85 .B8  |h Library of Congress classification  |i unmediated -- volume  |m A14801169901 
998 f f |a MT85 .B8  |t 0  |l Remote Storage